| Поле | Инд. | ПП | Название | Значение |
|---|---|---|---|---|
| Тип записи | a | |||
| Библиографический уровень | b | |||
| 001 | Контрольный номер | DU/591298669 | ||
| 005 | Дата корректировки | 20200630193145.9 | ||
| 008 | Кодируемые данные | 20180827 | ||
| 040 | b | Код языка каталог. | rus | |
| e | Правила каталог. | PSBO | ||
| 041 | 0_ | a | Код языка текста | rus |
| 084 | a | Индекс другой классификации/Индекс ББК | 60.561.328(2Рос) | |
| 100 | 1_ | a | Автор | Аверин Ю. П. |
| q | Полное имя | Аверин Юрий Петрович | ||
| 100 | 1_ | a | Автор | Добреньков В. И. |
| q | Полное имя | Добреньков Владимир Иванович | ||
| 100 | 1_ | a | Автор | Добренькова Е. В. |
| q | Полное имя | Добренькова Екатерина Владимировна | ||
| 245 | 10 | a | Заглавие | Россия в преддверии выборов: проблемы и ожидания |
| 504 | a | Библиография | Библиогр.: с. 142 | |
| 520 | 0_ | a | Аннотация | В статье на основе результатов социологических исследований анализируется восприятие гражданами России изменений жизни в стране и содержание проблем, с которыми они сталкиваются в различных сферах. Раскрываются политические предпочтения россиян в предверии выборов в Государственную Думу в декабре 2011 г. и Президента РФ в марте 2012 г., отношение к участию в данных выборах и ожидания изменений после выборов. Делаются выводы в данных выборах и ожидания изменений после выборов. Делаются выводы об уровне легитимности будущей Государственной Думы и Президента РФ. Оценивается уровень доверия граждан к государственным институтам России и политическим руководителям, состояние протестных настроений россиян, отношение к положению России на мировой арене и желание жить в России |
| 650 | 14 | a | Основная рубрика | политическая социология |
| a | Основная рубрика | социология | ||
| 653 | 1_ | a | Ключевые слова | выборы в Государственную думу РФ |
| a | Ключевые слова | доверие к государству | ||
| a | Ключевые слова | политические предпочтения | ||
| a | Ключевые слова | политическое доверие | ||
| a | Ключевые слова | президентские выборы | ||
| a | Ключевые слова | протестные настроения | ||
| a | Ключевые слова | российское общество | ||
| a | Ключевые слова | Россия | ||
| a | Ключевые слова | социальные проблемы | ||
| 773 | 08 | t | Заглавие источника | Вестник Московского университета. Серия 18, Социология и политология |
| d | Дата издания источника | 2012 | ||
| g | Прочая информация | № 1. - С. 123 - 142 : диагр. | ||
| w | Контрольный № источника | RU/IS/BASE/392489925 | ||
| 901 | t | Тип документа | b |